| 000 | 00351nam a2200133Ia 4500 | ||
|---|---|---|---|
| 005 | 20260326100045.0 | ||
| 008 | 260326s9999||||xx |||||||||||||| ||und|| | ||
| 100 | _aBuschiazzo, Mario J. | ||
| 245 | 0 |
_aLa Arquitectura en la Argentina / _cMario J. Buschiazzo |
|
| 260 | _bEmilio Bond | ||
| 300 | _a82 p. | ||
| 650 | _aARQUITECTURA REGIONAL | ||
| 942 | _cBK | ||
| 999 |
_c7148 _d7148 |
||